Jiří Stejskal (1932-2015) : k výstavě konané v Blatském muzeu v Soběslavi 3.6.-30.7.2017 /

Hlavní autor: Stejskal, Jiří, 1932-2015
Korporativní autor: Blatské muzeum (Soběslav a Veselí nad Lužnicí, Česko)
Další autoři: Stejskal, Aleš
Jazyk: Čeština
Vydáno: V Táboře : Husitské muzeum, 2017
Edice: Katalogy Blatského muzea v Soběslavi a Veselí n. L.
Témata:
Fyzický popis: 36 nečíslovaných stran : barevné ilustrace ; 20 cm + seznam vystavených děl (1 nečíslovaný list)
Knihy
Uloženo v:
LEADER 02148nam a2200541 i 4500
001 nkc20172898439
003 CZ PrNK
005 20171214073243.0
007 ta
008 171030s2017 xr a e c 000 0 cze
020 |a 978-80-87516-35-5  |q (brožováno) 
040 |a ABA001  |b cze  |e rda 
043 |a e-xr--- 
045 |a x6y0 
072 7 |a 76  |x Grafické umění. Grafika  |2 Konspekt  |9 21 
080 |a 76(437.3)  |2 MRF 
080 |a 7.036/.038  |2 MRF 
080 |a (437.3)  |2 MRF 
080 |a (083.824)  |2 MRF 
100 1 |a Stejskal, Jiří,  |d 1932-2015  |7 jo2002112352  |4 art 
245 1 0 |a Jiří Stejskal (1932-2015) :  |b k výstavě konané v Blatském muzeu v Soběslavi 3.6.-30.7.2017 /  |c text: Aleš Stejskal 
246 1 4 |a Jiří Stejskal 
264 1 |a V Táboře :  |b Husitské muzeum,  |c 2017 
300 |a 36 nečíslovaných stran :  |b barevné ilustrace ;  |c 20 cm +  |e seznam vystavených děl (1 nečíslovaný list) 
336 |a text  |b txt  |2 rdacontent 
336 |a statický obraz  |b sti  |2 rdacontent 
337 |a bez média  |b n  |2 rdamedia 
338 |a svazek  |b nc  |2 rdacarrier 
490 1 |a Katalogy Blatského muzea v Soběslavi a Veselí n. L. ;  |v svazek 3 
500 |a Životopisná data 
500 |a List se seznamem vystavených děl vlepen uprostřed publikace 
600 1 7 |a Stejskal, Jiří,  |d 1932-2015  |7 jo2002112352  |2 czenas 
648 4 |a 1932-2015 
648 7 |a 20.-21. století  |7 ch462155  |2 czenas 
650 0 7 |a česká grafika  |7 ph128116  |y 20.-21. století  |2 czenas 
650 0 7 |a moderní umění  |7 ph115340  |z Česko  |2 czenas 
650 0 9 |a Czech prints  |y 20th-21st centuries  |2 eczenas 
650 0 9 |a modern art  |z Czechia  |2 eczenas 
655 7 |a katalogy výstav  |7 fd132536  |2 czenas 
655 9 |a exhibition catalogs  |2 eczenas 
700 1 |a Stejskal, Aleš  |4 aut 
710 2 |a Blatské muzeum (Soběslav a Veselí nad Lužnicí, Česko)  |7 ko2008435072  |4 orm 
830 0 |a Katalogy Blatského muzea v Soběslavi a Veselí n. L.  |0 s 
910 2 |a BOA001  |b 2-1396.481 
990 |a BK 
995 |a 11 
991 |b 201711  |c NOV 
996 6 |b 2610722997  |c 2-1396.481  |l MZK  |r Sklad / do 1 hodiny  |n 0  |p p.v.  |w 001637321  |u 000010  |a 1  |e BOA001  |j MZK50  |s P